00325nam a2200133Ia 45000030006000000080041000060400015000471000025000622450028000872600041001153000006001565460012001620050017001740STCL150530s9999 xx 000 0 und d aSTCLcSTCL aSanthi Swaroop Gupta aSahitya Mekalpana Tatva bHindi Sahithya Bandar ; Prayagc1978 a0 aEnglish20220125171310.0